[Event "Staufer-Open 11th"]
[Site "Schwaebisch Gmuend"]
[Date "1999.??.??"]
[Round "7"]
[White "Gerstner, Wolfgang"]
[Black "Doettling, Fabian"]
[Result "1/2-1/2"]
[WhiteElo "2365"]
[BlackElo "2360"]

1.d4 Nf6 2.Bg5 d5 3.Nd2 c5 4.e3 cxd4 5.exd4 Qb6 6.Ngf3 Ne4 7.Nxe4 dxe4 8.Ne5 Nc6
9.Nxc6 bxc6 10.Be2 g6 11.O-O Bg7 12.c3 Qxb2 13.Qa4 Bd7 14.Qc4 Qb5 15.Qxb5 cxb5
16.Rfb1 a6 17.a4 O-O  1/2-1/2

[Event "Sevilla op"]
[Site "Sevilla"]
[Date "1999.??.??"]
[Round "1"]
[White "Godoy, M."]
[Black "Rodriguez, Amador"]
[Result "0-1"]
[WhiteElo "1925"]
[BlackElo "2495"]

1.d4 Nf6 2.Bg5 d5 3.Bxf6 gxf6 4.g3 e5 5.dxe5 fxe5 6.e4 dxe4 7.Qxd8+ Kxd8
8.Nd2 f5 9.O-O-O Ke7 10.Bh3 Nc6 11.f3 e3 12.Nb3 f4 13.Bxc8 Rxc8 14.gxf4 exf4
15.Ne2 Bh6 16.Nc5 b6 17.Nd3 Rhf8 18.Rhg1 Rcd8 19.Rg4 Nd4 20.Ndxf4 Bxf4 21.Nxf4 Rxf4  0-1

[Event "White Nights op"]
[Site "St Petersburg"]
[Date "1999.??.??"]
[Round "8"]
[White "Nikolaev, Nikita"]
[Black "Drouzinina, Olga"]
[Result "1/2-1/2"]
[WhiteElo "2329"]
[BlackElo "2252"]

1.d4 Nf6 2.Bg5 g6 3.Bxf6 exf6 4.e3 Bg7 5.Bd3 O-O 6.h4 d5 7.Ne2 f5 8.Nf4 c6
9.h5 Qe7 10.c4 Bxd4 11.hxg6 fxg6 12.cxd5 Be5 13.Kf1 c5 14.Bc4 Qd6 15.Nc3 a6
16.Ne6 Rf7 17.Ng5 Rg7 18.Ne6 Re7 19.a4 b6 20.g4 Bxc3 21.bxc3 fxg4 22.Qxg4 Nd7
23.Qf4 Qxf4 24.Nxf4 Re4 25.Bd3 Re5 26.Ke2 Nf6 27.c4 Ne4 28.Bxe4 Rxe4 29.Rhc1 g5
30.Nd3 a5 31.Rab1 Ra6 32.f3 Re8 33.Rg1 h6 34.e4 Kf7 35.Rh1 Kg6 36.e5 Bf5
37.e6 Bxe6 38.dxe6 Rxe6+ 39.Kd2 Ra8 40.Rhe1 Rd6 41.Kc3 Rad8 42.Re3 h5 43.Rbe1 Kf6
44.Nf2 Kf5 45.Nh3 Kf6 46.Rg1 Rd1 47.Rxg5 Rc1+ 48.Kb3 Rb1+ 49.Kc2 Rb4 50.Re4 Rxa4
51.Rf4+ Ke6 52.Rg6+ Ke5 53.Rh4 Ra2+ 54.Kb3 Rad2 55.Rxh5+ Kd4 56.Rxb6 Rd3+
57.Ka4 Kxc4 58.Ng5 Rd1 59.Rh4+ R8d4 60.Rxd4+ cxd4 61.Rc6+ Kd3 62.Kxa5 Ke3
63.Re6+ Kf4 64.Ne4 Kxf3 65.Kb4 Re1 66.Nd2+ Kf2 67.Rf6+ Ke2 68.Nb3 d3 69.Kc3 d2
70.Nxd2 Rc1+ 71.Kb2 Rd1 72.Nc4 Rd8 73.Kc2 Rd5 74.Re6+ Kf3 75.Ne5+ Ke4 76.Nd3+ Kf5
77.Re1 Rd8 78.Kc3 Rd6 79.Kc4 Rd8 80.Nb4 Rd2 81.Nd3 Rc2+ 82.Kd4 Ra2 83.Rf1+ Ke6
84.Nc5+ Kd6 85.Rf6+ Kc7 86.Nd3  1/2-1/2

[Event "Sutton op"]
[Site "Sutton"]
[Date "1999.??.??"]
[Round "5"]
[White "Gunter, David WW"]
[Black "Crouch, Colin S"]
[Result "0-1"]
[WhiteElo "2159"]
[BlackElo "2430"]

1.d4 Nf6 2.Bg5 d5 3.Bxf6 gxf6 4.e3 e6 5.c4 dxc4 6.Bxc4 Nd7 7.Nc3 Nb6 8.Bb3 Bd7
9.d5 e5 10.Nge2 h5 11.a4 a5 12.Qc2 h4 13.O-O f5 14.Nb5 Bd6 15.f4 Bxb5 16.axb5 Qf6
17.h3 Nd7 18.Qd2 b6 19.Bc2 exf4 20.exf4 Bc5+ 21.Kh1 O-O-O 22.Nc3 Rhg8 23.Rae1 Rg3
24.Re2 Rdg8 25.Rfe1 Bd6 26.Re8+ Kb7 27.Rxg8 Rxg8 28.Ne2 Qxb2 29.Qd3 Nc5 30.Qxf5 Qxb5
31.Qxf7 Re8 32.Bd1 Nd3 33.Rf1 Nb2 34.Rf3 Nxd1 35.Nd4 Re1+ 36.Kh2 Qb1 37.Rb3 Rh1+  0-1

[Event "SVK-chT 9899"]
[Site "SVK"]
[Date "1999.??.??"]
[Round "5"]
[White "Zambor, Norbert"]
[Black "Banas, Kamil"]
[Result "1/2-1/2"]
[WhiteElo "2270"]
[BlackElo "2115"]

1.d4 Nf6 2.Bg5 d5 3.e3 Bf5 4.Bd3 Bxd3 5.Qxd3 c6 6.Nd2 e6 7.f4 Nbd7 8.Ngf3 c5
9.c3 Qb6 10.O-O c4 11.Qc2 Ng4 12.Rae1 f5 13.h3 Ngf6 14.Bxf6 Nxf6 15.Ne5 Qa5
16.g4 g6 17.b3 b5 18.b4 Qd8 19.a4 a6 20.g5 Ne4 21.Ndf3 Bd6 22.a5 Qc7 23.Kg2 O-O-O
24.h4 Bxe5 25.Nxe5 Qg7 26.Rh1 h5  1/2-1/2

[Event "SVK-chT 9899"]
[Site "SVK"]
[Date "1999.??.??"]
[Round "6"]
[White "Meszaros, Gyula"]
[Black "Mrva, Martin"]
[Result "1/2-1/2"]
[WhiteElo "2310"]
[BlackElo "2445"]

1.d4 Nf6 2.Bg5 g6 3.Bxf6 exf6 4.e3 Bg7 5.g3 O-O 6.Bg2 d6 7.Ne2 f5 8.O-O Nd7
9.c4 Re8 10.Nbc3 Nf6 11.Qd3 h5 12.b4 a5 13.b5 Rb8 14.Nf4 Bd7 15.Rab1 h4 16.c5 hxg3
17.hxg3 dxc5 18.dxc5 c6 19.Rfd1 Qe7 20.Qd6 Rbc8 21.Na4 Qxd6 22.Rxd6 Rc7 23.Nb6 Re5
24.Nxd7 Rxd7 25.bxc6 bxc6 26.Bxc6 Rc7 27.Nd3 Ree7 28.Ba4 Ne4 29.Rd8+ Kh7
30.Rb5 Bc3 31.Bb3 Kg7 32.Kg2 g5 33.c6 Kg6 34.Bd5 Nf6 35.Rd6 Kg7 36.Bb3 Ne4
37.Rdd5 Rxc6 38.Rxf5 Bf6 39.Bd5 Rc2 40.Bxe4 Rxe4 41.Rxa5 Rd2 42.Ne1 g4 43.Ra3 Be7
44.Rb3 Rxa2 45.Nd3 Rxe3 46.Rb7 Bf6 47.Nf4 Rf3 48.Nh5+ Kg6 49.Rxf6+ Rxf6  1/2-1/2

[Event "SVK-chT1E 9899"]
[Site "SVK"]
[Date "1999.??.??"]
[Round "7"]
[White "Zambor, Norbert"]
[Black "Bekiarisova, Alena"]
[Result "1-0"]
[WhiteElo "2235"]
[BlackElo "2160"]

1.d4 d5 2.Bg5 Nf6 3.e3 e6 4.Bd3 Be7 5.Nd2 c6 6.f4 Qb6 7.Rb1 Nbd7 8.Ngf3 c5
9.c3 Qc7 10.O-O O-O 11.Qe1 Re8 12.Ne5 Nf8 13.Rf3 Ng6 14.Rh3 c4 15.Bxg6 hxg6
16.Qh4 Nh5 17.g4 f6 18.gxh5 fxe5 19.hxg6  1-0

[Event "SVK-chT 9899"]
[Site "SVK"]
[Date "1999.??.??"]
[Round "8"]
[White "Bombek, Peter"]
[Black "Balogh, Peter"]
[Result "0-1"]
[WhiteElo "2245"]
[BlackElo "2255"]

1.d4 Nf6 2.Bg5 g6 3.Bxf6 exf6 4.e3 f5 5.c4 Bg7 6.Nc3 d6 7.Rc1 O-O 8.g3 Nd7
9.Bg2 Nf6 10.Nge2 Re8 11.O-O c6 12.Qc2 a5 13.Rfd1 Rb8 14.a3 Bd7 15.b4 axb4
16.axb4 Qe7 17.Ra1 Ra8 18.Ra2 Rxa2 19.Qxa2 Ne4 20.Nxe4 fxe4 21.h3 h5 22.Nc3 Bf5
23.Kh2 Qe6 24.Rc1 Kh7 25.Ne2 g5 26.Qa5 Bf6 27.d5 Qd7 28.dxc6 bxc6 29.Rd1 Be5
30.Nd4 h4 31.Qb6 Rc8 32.Rd2 Kg7 33.Ra2 hxg3+ 34.fxg3 Bxh3 35.Nxc6 Rxc6 36.Qb8 Bxg2
37.Kxg2 Rxc4 38.Ra8 Rc2+ 39.Kg1 Qh3 40.Qg8+ Kf6 41.Qd8+ Kg6  0-1

[Event "SWE-chT 9899"]
[Site "Sweden"]
[Date "1999.??.??"]
[Round "9"]
[White "Bellon Lopez, Juan Manuel"]
[Black "Moberg, Karl Johan"]
[Result "0-1"]
[WhiteElo "2514"]
[BlackElo "2398"]

1.d4 Nf6 2.Bg5 d5 3.e3 Nbd7 4.c3 g6 5.Nd2 Bg7 6.f4 O-O 7.Qf3 c6 8.Bd3 Ne8
9.O-O-O Nd6 10.g4 f6 11.Bh4 f5 12.gxf5 Nxf5 13.Bf2 Nf6 14.Qg2 Nd6 15.Ngf3 Bf5
16.Bxf5 Nxf5 17.h4 Nh5 18.Rhg1 Qd6 19.Qh3 Kh8 20.Rg5 Qe6 21.Rh1 Bf6 22.Rg2 a5
23.Ng5 Bxg5 24.hxg5 b5 25.Nb3 Nfg7 26.Nc5 Qxh3 27.Rxh3 Rad8 28.b3 Kg8 29.Be1 Rd6
30.Bd2 Ra8 31.Kc2 Ne6 32.Nd3 Neg7 33.a4 bxa4 34.bxa4 Rb8 35.Bc1 Nf5 36.Nc5 Kf7
37.Ba3 Rdd8 38.Nd3 Rdc8 39.Rg1 Ke6  0-1

[Event "SWE-chT 9899"]
[Site "Sweden"]
[Date "1999.??.??"]
[Round "9"]
[White "Engqvist, Thomas"]
[Black "Eriksson, Magnus"]
[Result "0-1"]
[WhiteElo "2387"]
[BlackElo "2449"]

1.d4 Nf6 2.Bg5 c5 3.Bxf6 gxf6 4.d5 Qb6 5.Qc1 f5 6.e3 Bh6 7.g3 e5 8.f4 e4
9.a4 Bg7 10.c3 h5 11.h4 Qg6 12.Kf2 Rg8 13.Na3 Bh8 14.Ne2 d6 15.Nb5 Kd8 16.Rg1 Nd7
17.Qd2 Ke7 18.a5 Nf6 19.Rg2 Bd7 20.Ng1 Ng4+ 21.Ke1 Nh2 22.Bc4 Bf6 23.Kd1 Nf3
24.Nxf3 exf3 25.Rg1 Bxh4 26.Qf2 Qg4 27.Rf1 Qxg3 28.Qxf3 Qxf3+ 29.Rxf3 a6
30.Na3 Rg2 31.Nc2 Bf6 32.Bf1 Rg1 33.Kd2 Rag8 34.Bh3 Rxa1 35.Nxa1 h4 36.Nc2 Rg1
37.Rf1 Rxf1 38.Bxf1 Ba4 39.Na3 Bb3 40.Bg2 Kf8 41.Kd3 Bd8 42.Nc4 Ke7 43.Nd2 Ba4
44.Bh3 Bb5+ 45.Kc2 Kf6 46.e4 fxe4 47.c4 Ba4+ 48.b3 Be8 49.Nxe4+ Ke7 50.f5 f6
51.b4 cxb4 52.c5 Ba4+ 53.Kb2 Bc7 54.Bg4 dxc5 55.Nxc5 Be5+ 56.Ka2 b3+ 57.Nxb3 Bxb3+
58.Kxb3 Kd6 59.Bf3 h3 60.Kc4 h2 61.Bh1 Bg3 62.Kb4 Be1+ 63.Ka4 Ke5 64.Bg2 Kxf5
65.d6 Ke6 66.Bxb7 Kxd6 67.Kb3 Bxa5 68.Kc4 Be1 69.Kd3 a5 70.Ke2 Bg3 71.Kf1  0-1

[Event "Tampere op"]
[Site "Tampere"]
[Date "1999.??.??"]
[Round "3"]
[White "Kanep, Meelis"]
[Black "Joentausta, Hannu"]
[Result "0-1"]
[WhiteElo "2126"]
[BlackElo "2165"]

1.d4 Nf6 2.Bg5 c5 3.d5 Qb6 4.Bxf6 gxf6 5.b3 Bg7 6.c3 f5 7.Qd3 e6 8.Nf3 Na6
9.dxe6 dxe6 10.Na3 Nb4 11.Qd2 O-O 12.Rc1 Rd8 13.Qb2 Nd5 14.Nc4 Qc7 15.a4 b6
16.e3 a6 17.Na3 b5 18.axb5 axb5 19.Nxb5 Qa5 20.Nd2 Bd7 21.Qc2 Bxb5 22.Bxb5 Nxc3
23.Bd3 Na2 24.O-O Nb4 25.Nc4  0-1

[Event "Isla de Tenerife op"]
[Site "Tenerife"]
[Date "1999.??.??"]
[Round "2"]
[White "Canovas Pardo, Miguel Angel"]
[Black "Lezcano Jaen, Pedro"]
[Result "0-1"]
[WhiteElo "2000"]
[BlackElo "2385"]

1.d4 Nf6 2.Bg5 c5 3.Bxf6 gxf6 4.c3 Qb6 5.Qb3 cxd4 6.Qxb6 axb6 7.cxd4 Nc6
8.e3 Nb4 9.Kd2 Rxa2 10.Rxa2 Nxa2 11.Bc4 Nb4 12.Ne2 d5 13.Bb5+ Bd7 14.Nbc3 Bxb5
15.Nxb5 Kd7 16.Rc1 Nc6 17.Nf4 e6 18.Nd3 Bh6 19.Ra1 Rc8 20.Kd1 Bf8 21.Nc3 Be7
22.Na4 Bd8 23.Nc3 Be7 24.Na4 Kc7 25.Nc3 Na5 26.Rc1 Nc6 27.Ra1 Kb8 28.Rc1 Rg8
29.g3 Na5 30.Nb5 Nc4 31.b3 Nd6 32.Nxd6 Bxd6 33.Ne1 b5 34.Ke2 Ka7 35.Nd3 Kb6
36.Nc5 Rd8 37.Nd3 Ra8 38.Rc2 Rf8 39.Kd2 Ra8 40.Kc1 Ra1+ 41.Kb2 Rd1 42.Nc5 Bxc5
43.Rxc5 Ka5 44.Rc1 Rxc1 45.Kxc1 Kb4 46.Kb2 f5 47.h3 h6 48.f3 h5 49.h4 b6
50.g4 fxg4 51.fxg4 hxg4 52.h5 g3 53.h6 g2 54.h7 g1=Q 55.h8=Q Qf2+ 56.Kc1 Qe1+
57.Kc2 Qe2+  0-1

[Event "POL-ch U20"]
[Site "Trzbinia"]
[Date "1999.??.??"]
[Round "?"]
[White "Szymanski, Marcin"]
[Black "Jedryczka, Krystian"]
[Result "1/2-1/2"]
[WhiteElo "2304"]
[BlackElo "2371"]

1.d4 Nf6 2.Bg5 c5 3.d5 d6 4.Nc3 Nbd7 5.e4 g6 6.Nf3 Bg7 7.Be2 O-O 8.Qd2 a6
9.a4 Rb8 10.Bh6 b5 11.Bxg7 Kxg7 12.axb5 axb5 13.Bxb5 Nxe4 14.Nxe4 Rxb5 15.h4 h5
16.O-O Nf6 17.Nxf6 exf6 18.b3 Bg4 19.Qc3 Rb4 20.Ra6 Re8 21.Rfa1 Rf4 22.R6a4 Rf5
23.Qd3 Bxf3 24.gxf3 Ree5 25.f4 Rxd5 26.Qe4 Rd4 27.Rxd4 cxd4 28.Qxd4 Rc5 29.c4 Qd7
30.Qe3 Rc8 31.Qf3 Qf5 32.Rd1 Re8 33.Kg2 Qc5 34.Rd5 Qa3 35.Rd1  1/2-1/2

[Event "RUS-Cup"]
[Site "Tula "]
[Date "1999.??.??"]
[Round "8"]
[White "Yuferov, Sergey  N"]
[Black "Iljushin, Alexei"]
[Result "1/2-1/2"]
[WhiteElo "2415"]
[BlackElo "2484"]

1.d4 Nf6 2.Bg5 d5 3.Bxf6 exf6 4.e3 c6 5.Nd2 Bd6 6.g3 h5 7.h4 Bg4 8.Be2 Bxe2
9.Qxe2 f5 10.c4 dxc4 11.Nxc4 Bb4+ 12.Kf1 Nd7 13.Qc2 b5 14.a3 Bf8 15.Nd2 Qf6
16.Ngf3 Be7 17.Rc1 c5 18.dxc5 Bxc5 19.Kg2 O-O 20.b4 Bb6 21.Qd3 Ne5 22.Qxb5 Ng4
23.Nc4 Rab8 24.Qa6 Nxf2 25.Rhf1 Ng4 26.a4 Rbc8 27.Kh3 Rxc4 28.Qxc4 Nxe3 29.Qf4 Nxf1
30.Rxf1 Re8 31.Rd1 Be3 32.Qd6 Qxd6 33.Rxd6 Re4 34.Rd8+ Kh7 35.Rb8 f6 36.a5 g5
37.hxg5 fxg5 38.Kg2 Kg6 39.b5 Re6 40.Rg8+ Kf6 41.Rf8+ Kg6 42.Rg8+ Kf6  1/2-1/2

[Event "Mislata op8th"]
[Site "Valencia"]
[Date "1999.??.??"]
[Round "3"]
[White "Bellon Lopez, Juan Manuel"]
[Black "Torres Sanchez, Jose"]
[Result "1-0"]
[WhiteElo "2463"]
[BlackElo "2210"]

1.d4 Nf6 2.Bg5 c5 3.Bxf6 gxf6 4.d5 Qb6 5.Qc1 f5 6.e3 Bg7 7.c3 h5 8.Na3 d6
9.Nh3 Nd7 10.Qc2 Ne5 11.Bb5+ Kf8 12.Nf4 a6 13.Be2 h4 14.Nc4 Qd8 15.a4 b6
16.O-O Bd7 17.Rfd1 Rg8 18.Kh1 Bh6 19.Nxe5 dxe5 20.Ne6+ fxe6 21.dxe6 Bxe6
22.Rxd8+ Rxd8 23.Rd1 Ra8 24.h3 Kf7 25.Bc4  1-0

[Event "Mislata op8th"]
[Site "Valencia"]
[Date "1999.??.??"]
[Round "5"]
[White "Bellon Lopez, Juan Manuel"]
[Black "Oltra Caurin, Ramon"]
[Result "1-0"]
[WhiteElo "2463"]
[BlackElo "2414"]

1.d4 Nf6 2.Bg5 g6 3.Bxf6 exf6 4.e3 Bg7 5.h4 h5 6.Nh3 d5 7.c4 Bh6 8.Nc3 dxc4
9.Bxc4 O-O 10.g3 Bg4 11.Qc2 Kg7 12.Nf4 Bxf4 13.gxf4 Nc6 14.Be2 Bxe2 15.Nxe2 Qd5
16.Rg1 Nb4 17.Qc3 Qb5 18.a4 Qa5 19.Kf1 Nc6 20.Qxa5 Nxa5 21.Rc1 Rac8 22.f5 Kh6
23.Nf4 Nb3 24.Rc2 gxf5 25.Nd5 Rfe8 26.Nxf6 Re6 27.Nd5 c5 28.Rg5 f6 29.Rxf5 Kg6
30.Rxh5 Kxh5 31.Nf4+ Kxh4 32.Nxe6 c4 33.d5 c3 34.Rxc3 Rxc3 35.bxc3 Nd2+ 36.Ke2 Ne4
37.Kd3 Nxf2+ 38.Kd4 Ng4 39.Nd8  1-0

[Event "Villa Martelli zt (Women)"]
[Site "Villa Martelli "]
[Date "1999.??.??"]
[Round "7"]
[White "Amura, Claudia Noemi"]
[Black "Arbunic Castro, Giovanna B"]
[Result "1-0"]
[WhiteElo "2355"]
[BlackElo "2110"]

1.d4 Nf6 2.Bg5 g6 3.Bxf6 exf6 4.e3 Bg7 5.g3 O-O 6.Bg2 Nc6 7.Ne2 Rb8 8.Nf4 b6
9.h4 Bb7 10.Nd2 Ne7 11.Bxb7 Rxb7 12.h5 Qe8 13.Qf3 Rb8 14.O-O-O h6 15.g4 Kh7
16.Ne4 d5 17.Nc3 c6 18.hxg6+ fxg6 19.Ne6 Rh8 20.Qf4 Rb7 21.Rxh6+ Kg8 22.Nxg7 Kxg7
23.g5 Rxh6 24.Qxf6+ Kh7 25.gxh6 Nf5 26.Ne2 Nxh6 27.Nf4 Rg7 28.Rh1 Rg8 29.Ne6  1-0

[Event "LTU-ch"]
[Site "Vilnius"]
[Date "1999.??.??"]
[Round "?"]
[White "Abromaitis, Marius"]
[Black "Laurynaitis, Laimontas"]
[Result "0-1"]
[WhiteElo "2080"]
[BlackElo "2107"]

1.d4 d5 2.Bg5 Nf6 3.Nd2 g6 4.Bxf6 exf6 5.e4 dxe4 6.Nxe4 Bg7 7.Ne2 O-O 8.Qd2 a5
9.g3 Bg4 10.N4c3 Bf3 11.Rg1 Nc6 12.O-O-O f5 13.d5 Nb4 14.a3 Bxc3 15.Qxc3 Na2+  0-1

[Event "LTU-ch"]
[Site "Vilnius"]
[Date "1999.??.??"]
[Round "?"]
[White "Kasparavicius, Laimutis"]
[Black "Sakalauskas, Vaidas"]
[Result "0-1"]
[WhiteElo "2123"]
[BlackElo "2450"]

1.d4 Nf6 2.Bg5 c5 3.Bxf6 gxf6 4.d5 Qb6 5.Qc1 f5 6.e3 Bg7 7.c3 d6 8.Na3 Nd7
9.Nc4 Qc7 10.a4 Nf6 11.Qd2 b6 12.Ne2 Bb7 13.Ng3 Bxd5 14.Nxf5 Bf8 15.f3 Be6
16.e4 Rd8 17.Nce3 Bd7 18.Qf2 Rg8 19.Qh4 Rg6 20.g4 e6 21.g5 Ng8 22.Kf2 h6
23.f4 Qb7 24.Re1 hxg5 25.fxg5 Bc6 26.Nd5 Kd7 27.Nf4 exf5 28.Nxg6 fxg6 29.Bb5 Bxb5
30.axb5 Ne7 31.exf5 Nxf5 32.Qh7+ Be7 33.Qxg6 Rf8 34.Kg1 Kd8 35.Qe6 Nh4 36.Qe4 Nf3+
37.Kg2 Nxe1+ 38.Rxe1 Qxe4+ 39.Rxe4 Bxg5 40.h4 Rf4 41.Re6 Kd7  0-1

[Event "JUG-chT"]
[Site "Vrnjacka Banja"]
[Date "1999.??.??"]
[Round "1"]
[White "Petronic, Jovan"]
[Black "Vukic, Milan"]
[Result "1/2-1/2"]
[WhiteElo "2421"]
[BlackElo "2495"]

1.d4 Nf6 2.Bg5 d5 3.Bxf6 exf6 4.e3 Be6 5.Bd3 f5 6.Qf3 g6 7.h4 h5 8.Ne2 c6
9.Nf4 Bd6 10.Nd2 Qa5 11.c3 Nd7 12.Qe2 Nf6 13.Nf3 Qc7 14.Ng5 Bd7 15.g3 Rf8
16.O-O-O O-O-O 17.c4 Kb8 18.cxd5 Bxf4 19.gxf4 Nxd5 20.Bc4 f6 21.Nf3 Be6 22.Rhg1 Qf7
23.Bb3 Rfe8 24.Qd2 Ne7 25.Bxe6 Qxe6 26.b3 Qe4 27.Rg3 Rd5 28.Qc2 Qe6 29.Kb2 Rc8
30.Rgg1 c5 31.Qe2 a6 32.Rd2 cxd4 33.Nxd4 Qb6 34.Rc1 Rxc1 35.Kxc1 Nc6 36.Nxc6+ Qxc6+
37.Kb2 Qd6 38.Rc2 Rd3 39.Qe1 Rd1 40.Qc3 Qd8 41.Qb4 Rd5 42.Qc4  1/2-1/2

[Event "JUG-chT (Women)"]
[Site "Vrnjacka Banja"]
[Date "1999.??.??"]
[Round "2"]
[White "Zaitseva, Ludmila G"]
[Black "Kovalevskaya, Ekaterina"]
[Result "0-1"]
[WhiteElo "2399"]
[BlackElo "2497"]

1.d4 Nf6 2.Bg5 d5 3.Bxf6 gxf6 4.e3 Bf5 5.Nd2 c6 6.Ne2 Qb6 7.Ng3 Bg6 8.f4 e6
9.Nb3 Nd7 10.c3 Bd6 11.Be2 c5 12.Qd2 h5 13.Bf3 h4 14.Ne2 O-O-O 15.O-O Kb8
16.Nbc1 c4 17.Kh1 Qa6 18.Ng1 Rdg8 19.Nh3 f5 20.Ne2 Nf6 21.b3 Bh5 22.Bxh5 Ne4
23.Qb2 Rxh5 24.Nf2 Nf6 25.Rab1 Rh7 26.Nh3 Ne4 27.Nf2 Nf6 28.Nh3 Rhg7 29.Ng5 Be7
30.Ng1 Ng4 31.Qe2 Bxg5 32.fxg5 Rxg5 33.Nf3 R5g7 34.Nxh4 Nf6 35.bxc4 Ne4 36.Rb4 Rh7
37.Rfb1 Nxc3 38.Qf2 Nxb1 39.Rxb1 Qxc4 40.Nf3 f6 41.g3 Rc8 42.Rb2 Rhc7 43.Ne1 Qc1
44.Kg2 Rc3 45.Re2 Qb1 46.h4 Rc1 47.Qf4+ Ka8 48.Kf2 a6 49.g4 fxg4 50.Qxg4 Qh7
51.Nf3 Qf7 52.e4 Rg8 53.Qf4 Rc3 54.e5 Qg6 55.Qh2 Qg4  0-1

[Event "Wisla Hugart op (Women)"]
[Site "Warsaw"]
[Date "1999.??.??"]
[Round "?"]
[White "Agababean, Naira"]
[Black "Skrochocka, Justyna"]
[Result "1-0"]
[WhiteElo "2352"]
[BlackElo "2034"]

1.d4 Nf6 2.Bg5 d5 3.c4 e6 4.Nc3 Nbd7 5.Nf3 c6 6.e3 Qa5 7.Bxf6 Nxf6 8.Nd2 Bb4
9.Qc2 Ne4 10.Ndxe4 dxe4 11.a3 Bxc3+ 12.Qxc3 Qxc3+ 13.bxc3 O-O 14.Be2 Rd8
15.O-O c5 16.a4 Bd7 17.a5 Bc6 18.Rfd1 Kf8 19.Rd2 Ke7 20.f3 Rac8 21.Kf2 h6
22.Rb2 a6 23.fxe4 Bxe4 24.Bf3 Bxf3 25.Kxf3 cxd4 26.cxd4 Rxc4 27.Rxb7+ Rd7
28.Rb6 Rc3 29.Ra4 Ra7 30.h4 h5 31.g3 g6 32.Kf4 Rc1 33.Kf3 Rc3 34.Ra2 Rc1
35.Ra3 Rf1+ 36.Ke2 Rg1 37.Kf2 Rc1 38.Kg2 Rc4 39.Ra1 Rc3 40.Kf2 Rc2+ 41.Kf3 Rc3
42.Kf4 Rc4 43.g4 hxg4 44.h5 gxh5 45.Rh1 e5+ 46.Kxe5 Ra4 47.Rxh5 Rxa5+ 48.d5 Ra3
49.e4 a5 50.Rh8 a4 51.Rbb8 Rf3 52.Rbc8 f6+ 53.Kd4 Kd7 54.Rhd8+ Ke7 55.d6+ Ke6
56.Rc7  1-0

[Event "107th ch-NZL"]
[Site "Auckland NZL"]
[Date "2000.01.03"]
[Round "6"]
[White "Rogers,I"]
[Black "Garbett,P"]
[Result "1-0"]
[WhiteElo "2574"]
[BlackElo "2360"]

1.d4 Nf6 2.Bg5 d5 3.Bxf6 exf6 4.e3 Bd6 5.c4 dxc4 6.Bxc4 O-O 7.Nc3 c6 8.e4 Re8
9.Nge2 c5 10.Qb3 Qe7 11.Nb5 Rd8 12.Nxd6 Rxd6 13.dxc5 Rd7 14.Qe3 Qe5 15.Nc3 Qd4
16.Qxd4 Rxd4 17.Bd5 Na6 18.Ne2 Rb4 19.O-O-O Nxc5 20.Nc3 a5 21.Rhe1 Kf8 22.h3 Be6
23.f3 Na4 24.Nxa4 Rxa4 25.Bxe6 fxe6 26.Rd7 Rxa2 27.Kb1 Ra4 28.Rc1 e5 29.Rcc7 Rd4
30.Rf7+ Ke8 31.Rxg7 Kd8 32.Rxb7 Kc8 33.Rgc7+ Kd8 34.Rxh7  1-0

[Event "ch-AUS"]
[Site "Mingara NSW AUS"]
[Date "2000.01.03"]
[Round "6"]
[White "Depasquale,C"]
[Black "Tindall,B"]
[Result "1-0"]
[WhiteElo "2305"]
[BlackElo "2250"]

1.d4 Nf6 2.Bg5 d5 3.Bxf6 gxf6 4.e3 e6 5.Bd3 c5 6.c3 Qb6 7.b3 Bd7 8.Ne2 Nc6
9.O-O Bd6 10.Nd2 h5 11.Nf3 h4 12.c4 dxc4 13.bxc4 O-O-O 14.Rb1 Qc7 15.Nc3 Be7
16.d5 Nb4 17.Be2 Bc6 18.a3 exd5 19.axb4 dxc4 20.Qc2 cxb4 21.Nd4 Rxd4 22.exd4 bxc3
23.Qxc3 Bd6 24.h3 b5 25.Rfd1 a6 26.d5 Be5 27.Bg4+ Bd7 28.Qf3 Qd6 29.Bxd7+ Kxd7
30.Qg4+ Kc7 31.Qg7 Qf8 32.d6+ Bxd6 33.Qxf6 Rh6 34.Qd4 Qa8 35.Qg7 Qf8 36.Qa1 Rg6
37.Qa5+ Kb7 38.Kf1 Qe8 39.Qc3 Qc6 40.f3 Qb6 41.Rb2 Bh2 42.Rf2 Bc7 43.Rd7 Rc6
44.Re2 b4 45.Qh8 Re6 46.Qxh4 Qc6 47.Rd4 Rxe2 48.Kxe2 Qb5 49.Rxc4 b3 50.Qe4+ Ka7
51.Kd1 b2 52.Rxc7+ Kb8 53.Rb7+ Qxb7 54.Qxb7+ Kxb7 55.Kc2 Kc6 56.h4 Kd5 57.h5 Ke5
58.g4 Kf6 59.Kxb2 Kg5 60.f4+ Kh6 61.f5  1-0

[Event "107th ch-NZL"]
[Site "Auckland NZL"]
[Date "2000.01.04"]
[Round "7"]
[White "Ker,A"]
[Black "Sermek,D"]
[Result "1/2-1/2"]
[WhiteElo "2321"]
[BlackElo "2545"]

1.d4 Nf6 2.Bg5 c5 3.Bxf6 gxf6 4.d5 Qb6 5.Qc1 f5 6.e3 Bg7 7.c3 d6 8.Nh3 Nd7
9.Nf4 Nf6 10.Bc4 O-O 11.Nd2 Re8 12.O-O Bd7 13.Qc2 e5 14.Ne2 e4 15.Nf4 Bh6
16.Rfe1 Qd8 17.a4 b6 18.Nf1 a6 19.Qe2 Rb8  1/2-1/2

[Event "Challengers"]
[Site "Hastings ENG"]
[Date "2000.01.04"]
[Round "7"]
[White "Parr,F"]
[Black "Hansen,TR"]
[Result "1-0"]
[WhiteElo "2123"]
[BlackElo "2259"]

1.d4 Nf6 2.Bg5 d5 3.e3 Ne4 4.Bf4 c6 5.c3 Nd7 6.Nd2 Nxd2 7.Qxd2 g6 8.h4 Nf6
9.Bd3 Bg7 10.Ne2 c5 11.Ng3 h6 12.Qc2 Qb6 13.O-O Ng4 14.f3 g5 15.fxg4 gxf4
16.Nh5 Bf6 17.dxc5 Qxc5 18.Nxf6+ exf6 19.Qa4+ Bd7 20.Qxf4 Rg8 21.Bf5 O-O-O
22.Bxd7+ Rxd7 23.Rad1 Qb6 24.Rf2 Re8 25.Rd4 Rde7 26.Qxf6 Qc7 27.Qf4 Qb6 28.Qf5+ Kb8
29.Qxd5 Rxe3 30.Qd6+ Qxd6 31.Rxd6 R3e4 32.Rxh6 Rxg4 33.Rxf7  1-0

[Event "107th ch-NZL"]
[Site "Auckland NZL"]
[Date "2000.01.07"]
[Round "10"]
[White "Ker,A"]
[Black "Garbett,P"]
[Result "1/2-1/2"]
[WhiteElo "2321"]
[BlackElo "2360"]

1.d4 Nf6 2.Bg5 g6 3.Bxf6 exf6 4.e3 f5 5.g3 d6 6.Bg2 Nd7 7.Qd3 h5 8.Nd2 c6
9.Ne2 Nf6 10.h4 Bh6 11.Nf4 O-O 12.O-O d5 13.b3 Ne4 14.c4 Qa5 15.Nf3 Bxf4
16.exf4 Be6 17.Rfc1 dxc4 18.bxc4 Rad8 19.Bf1 f6 20.Rc2 Rd7 21.Rb1 Rfd8 22.Rcb2 b6
23.Qe3 Bf7 24.Rc2 Kg7 25.Qe1 Qa4 26.Rbb2 Re8 27.Qb4 Qxb4 28.Rxb4 c5 29.dxc5 Nxc5
30.Rb1 Red8 31.Re1 Kf8 32.Rcc1 Rd6 33.Re3 Ne4 34.Be2 Rc8 35.Ra3 Rc7 36.Rb3 a6
37.Rb2 Rc5 38.Rbc2 Ra5 39.Ne1 Ra3 40.Bf3 Rd7 41.Bxe4 fxe4 42.Ng2 Ra5 43.Rb1 Rd6
44.Ne3 Rc5 45.Rcb2 Rcc6 46.Rb4 a5 47.Rb5 Bxc4  1/2-1/2

[Event "Belgian Interteams 2000-1"]
[Site "BEL"]
[Date "2000.01.07"]
[Round "6"]
[White "Winants,L"]
[Black "Cekro,E"]
[Result "1/2-1/2"]
[WhiteElo "2523"]
[BlackElo "2390"]

1.d4 Nf6 2.Bg5 d5 3.e3 Nbd7 4.Nf3 e6 5.c4 h6 6.Bh4 c6 7.Nc3 Be7 8.Bd3 dxc4
9.Bxc4 b5 10.Bd3 a6 11.e4 Nxe4 12.Nxe4 Bxh4 13.Nd6+ Kf8 14.Nxh4 Qxh4 15.Be4 Qe7
16.Bxc6 Rb8 17.Ne4 Rb6 18.Bxd7 Bxd7 19.O-O Bc6 20.Nc3 Bb7 21.Qe2 Rd6 22.Rfd1 Qd7
23.Qe3 Kg8 24.Ne4  1/2-1/2

[Event "107th ch-NZL"]
[Site "Auckland NZL"]
[Date "2000.01.08"]
[Round "11"]
[White "Sutherland,J"]
[Black "Wastney,S"]
[Result "0-1"]
[WhiteElo "2055"]
[BlackElo "2193"]

1.d4 Nf6 2.Bg5 d5 3.Bxf6 exf6 4.e3 Bd6 5.c4 dxc4 6.Bxc4 O-O 7.Nc3 Nd7 8.Nge2 c6
9.Ng3 g6 10.O-O f5 11.Qd2 Qh4 12.f4 Nf6 13.Rf3 Re8 14.Bd3 Nd5 15.Nxd5 cxd5
16.Ne2 Qd8 17.Bc2 Be6 18.Bb3 Rc8 19.Rff1 Rc7 20.Rac1 Rce7 21.Kf2 Kg7 22.a3 b5
23.Nc3 b4 24.Nb5 Bb8 25.axb4 Qb6 26.Na3 Bd6 27.b5 Bd7 28.Rfe1 Bxb5 29.Bxd5 Ba6
30.Nb1 Bb4 31.Nc3 Qd6 32.Bf3 g5 33.g3 gxf4 34.gxf4 Qh6 35.Kg1 Kh8 36.Kh1 Qh3  0-1

[Event "Bundesliga 1999-2000"]
[Site "Castrop-Rauxel GER"]
[Date "2000.01.08"]
[Round "7"]
[White "Hennig,D"]
[Black "Kveinys,A"]
[Result "0-1"]
[WhiteElo "2428"]
[BlackElo "2496"]

1.d4 Nf6 2.Bg5 d5 3.Bxf6 exf6 4.e3 Bd6 5.g3 O-O 6.Bg2 c6 7.Ne2 f5 8.O-O Nd7
9.Nd2 Nf6 10.c4 dxc4 11.Nxc4 Bc7 12.Qc2 Qe7 13.a3 Be6 14.Rac1 Rad8 15.Nd2 g6
16.Rfd1 Rfe8 17.Nb3 h5 18.Nc5 Bc8 19.b4 h4 20.Nd3 hxg3 21.hxg3 Bd6 22.Bf3 Ne4
23.Nc5 g5 24.Nc3 Bxc5 25.bxc5 Nxc3 26.Qxc3 Be6 27.Rb1 Bd5 28.Bxd5 Rxd5 29.Rb3 Red8
30.Rdb1 R8d7 31.Qb2 f4 32.Rxb7 fxe3 33.Rxd7 exf2+ 34.Qxf2 Rxd7 35.Re1 Qd8
36.Re4 Kg7 37.Qe3 Kf8 38.g4 Rb7 39.Re5 Rb1+ 40.Kg2 Qb8 41.Rf5 Rb2+ 42.Rf2 Rb3
43.Qe5 Qxe5 44.dxe5 Re3 45.Rf6 Rxe5 46.Rxc6 Re4 47.Rc8+ Ke7 48.Rc7+ Ke6 49.Rxa7 Rxg4+
50.Kf3 Rc4 51.Ra6+ Kf5 52.c6 g4+ 53.Kg3 Rc3+ 54.Kg2 f6 55.a4 Rc4 56.Kg3 Kg5
57.Rb6 f5 58.a5 Rc2 59.Rb5 Rxc6  0-1

[Event "Bundesliga 1999-2000"]
[Site "Tegernsee GER"]
[Date "2000.01.08"]
[Round "7"]
[White "Teske,H"]
[Black "Enders,P"]
[Result "0-1"]
[WhiteElo "2479"]
[BlackElo "2478"]

1.d4 Nf6 2.Bg5 c5 3.Bxf6 gxf6 4.dxc5 Qa5+ 5.Nd2 Nc6 6.g3 Qxc5 7.Bg2 b6 8.Ngf3 Ba6
9.c3 Rc8 10.a4 Bh6 11.O-O Qd6 12.Re1 Bxd2 13.Nxd2 h5 14.h4 Rc7 15.Qc2 f5
16.e3 Bd3 17.Qd1 Ba6 18.Nf3 Qxd1 19.Rexd1 e6 20.Nd4 Nxd4 21.Rxd4 Ke7 22.a5 Rb8
23.Bf3 bxa5 24.Rxa5 Bc4 25.Rd2 Rh8 26.Rd1 Rb8 27.Rd2 Rh8 28.Ra3 d5 29.Ra4 Kf6
30.Rb4 Kg6 31.Rd1 Rhc8 32.Ra1 a6 33.Ra5 Bb5 34.Bd1 Rc5 35.Ba4 Be2 36.Rxc5 Rxc5
37.Kg2 Ra5 38.Be8 Bb5 39.Bxb5 axb5 40.Kf1 Kf6 41.Ke2 Ke5 42.Rb3 Kd6 43.Kd2 Kc5
44.Rb4 e5 45.Rf4 exf4 46.b4+ Kb6 47.bxa5+ Kxa5 48.exf4 b4 49.cxb4+ Kxb4 50.f3 d4
51.g4 fxg4 52.fxg4 hxg4 53.h5 g3 54.Ke1 d3 55.h6 g2 56.Kf2  0-1